000 00700nam a22002417a 4500
003 UA-OsUOA
001 46718
007 ta
008 20120510b un ||||| |||| 00| 0 ukr d
100 _aМазепа Б.
090 _a82-1
_bМ13
942 _cBK
040 _aUA-OsUOA
_bukr
_cUA-OsUOA
_dUA-OsUOA
245 _aПолум'яні акорди
_bлірика
300 _a62 с.
955 _a3
041 _aukr
080 _a82-1
260 _aЕдмонтон
_bСлово
_c1976
650 7 _a82 Література. Літературознавство
_2UDC
999 _c426821
_d426821